000 00399nam a22001697a 4500
005 20160625160940.0
008 160625b xxu||||| |||| 00| 0 eng d
020 _a978-81-7522-438-4
041 _aeng
082 _b10246
100 _atakur, Ravindra Nath
_92820
245 _aDaak Ghar (Bangla)
260 _bVishwabharti Shantiniketan
300 _a79
650 _aBangla
_92816
942 _cBK
999 _c4080
_d4079